[Event "FICS rated standard game"]
[Site "FICS freechess.org"]
[Date "2016.01.29"]
[Round "?"]
[White "sentiger"]
[Black "GriffyJr"]
[Result "1-0"]
[WhiteElo "2051"]
[BlackElo "1976"]
[PlyCount "129"]
[EventDate "2016.??.??"]

1. e4 c5 2. Nf3 d6 3. d4 cxd4 4. Nxd4 Nf6 5. Nc3 Nc6 6. Be2 e5 7. Nb3 Be7 8.
Be3 a5 9. Bb5 O-O 10. f3 Na7 11. Be2 Be6 12. Qd2 Nc6 13. Bb5 Qb8 14. O-O Qc7
15. Rfd1 Na7 16. Be2 Kh8 17. Rac1 Rg8 18. a4 Rgf8 19. Nd5 Bxd5 20. exd5 b6 21.
c4 Rac8 22. Qe1 Nh5 23. Qf2 Nf4 24. Bf1 Rb8 25. g3 Nh5 26. Be2 Nf6 27. Bd3 Rb7
28. Nd2 Rc8 29. Rc2 Qb8 30. Rdc1 Kg8 31. g4 Kh8 32. g5 Nh5 33. Qh4 g6 34. Ne4
h6 35. Nf6 hxg5 36. Bxg5 Bxf6 37. Bxf6+ Kg8 38. Bg5 Qc7 39. Rg2 Qc5+ 40. Kh1
Qb4 41. Rcg1 Qxa4 42. Be3 Qb3 43. Rd2 Kf8 44. Bh6+ Ke8 45. Qg5 Nf4 46. Rgd1
Nxd3 47. Rxd3 Qxc4 48. Qf6 Qb4 49. Bg5 a4 50. f4 Qe4+ 51. Kg1 exf4 52. Bxf4 Rc2
53. Re3 Qxe3+ 54. Bxe3 Nc8 55. Bg5 Re7 56. Qh8+ Kd7 57. Bxe7 Nxe7 58. Qf6 b5
59. Qxf7 Re2 60. Kf1 Rxh2 61. Re1 Rh1+ 62. Kf2 Rxe1 63. Kxe1 g5 64. Kd2 g4 65.
Kc3 1-0

[Event "Curitiba Parana-ch"]
[Site "Curitiba"]
[Date "2016.01.27"]
[Round "2"]
[White "Zilber, Valerio V de Freita"]
[Black "Chemin, Vitorio"]
[Result "0-1"]
[WhiteElo "1872"]
[BlackElo "2133"]
[PlyCount "160"]
[EventDate "2016.01.26"]
[EventType "swiss"]
[EventRounds "8"]
[EventCountry "BRA"]
[SourceTitle "OM OTB B 201907"]
[Source "Opening Master"]
[SourceDate "2019.07.06"]
[SourceVersion "2"]
[SourceVersionDate "2019.07.06"]
[SourceQuality "1"]

1. e4 c5 2. Nf3 Nc6 3. Nc3 d6 4. d4 cxd4 5. Nxd4 Nf6 6. Be2 e5 7. Nb3 Be7 8.
O-O O-O 9. Be3 a5 10. a4 Nb4 11. Bf3 Be6 12. Qd2 Rc8 13. Rfd1 Ng4 14. Bxg4 Bxg4
15. f3 Be6 16. Qf2 Rc6 17. Nc5 Qc8 18. Nd3 f5 19. exf5 Bxf5 20. Nxb4 axb4 21.
Nd5 Bf6 22. Nxb4 Rc4 23. c3 e4 24. f4 Qe6 25. a5 Ra8 26. Qd2 Bg4 27. Qxd6 Qf7
28. Rd2 Be6 29. Nd5 Bd8 30. Nb6 Bc7 31. Qa3 Bxb6 32. Bxb6 Qxf4 33. Rf2 Qg5 34.
Raf1 Rcc8 35. Qd6 Bc4 36. Re1 Rf8 37. Rxf8+ Rxf8 38. Qd4 Bd3 39. h3 Qd2 40. Qe3
Qxb2 41. Bd4 Qb5 42. Qg3 Qd7 43. Qe5 h6 44. Re3 Rf5 45. Qb8+ Kh7 46. Rg3 Rf7
47. Qe5 Qc7 48. Qxc7 Rxc7 49. Kf2 Rf7+ 50. Ke3 g6 51. c4 Rf1 52. Bc3 Rh1 53.
Kd4 Rg1 54. c5 g5 55. Kd5 Kg6 56. h4 Kf5 57. hxg5 hxg5 58. Bd4 Rd1 59. Rh3 Bf1
60. Rh1 Bc4+ 61. Kxc4 Rxh1 62. c6 bxc6 63. a6 Rc1+ 64. Bc3 e3 65. a7 e2 66.
a8=Q Rxc3+ 67. Kxc3 e1=Q+ 68. Kd3 Qe4+ 69. Kc3 Qxg2 70. Qc8+ Kf4 71. Qc7+ Kg4
72. Qd7+ Kg3 73. Qd6+ Kf2 74. Qd2+ Kg1 75. Qd1+ Kh2 76. Qd8 Qf3+ 77. Kc2 g4 78.
Qh8+ Kg2 79. Kd2 g3 80. Kc1 Qd5 0-1

[Event "Guadalajara-chT"]
[Site "Guadalajara"]
[Date "2016.01.23"]
[Round "1.4"]
[White "Magan Gonzalez, Alberto"]
[Black "Fernandez Munoz, Emiliano"]
[Result "1/2-1/2"]
[WhiteElo "1851"]
[BlackElo "1772"]
[PlyCount "75"]
[EventDate "2016.01.23"]
[EventType "team-tourn"]
[EventRounds "9"]
[EventCountry "ESP"]
[SourceTitle "OM OTB B 201907"]
[Source "Opening Master"]
[SourceDate "2019.07.06"]
[SourceVersion "2"]
[SourceVersionDate "2019.07.06"]
[SourceQuality "1"]

1. e4 c5 2. Nf3 Nc6 3. d4 cxd4 4. Nxd4 Nf6 5. Nc3 d6 6. Be2 e5 7. Nb3 Be6 8.
Bf3 a5 9. a4 Nb4 10. Bg5 h6 11. Bxf6 gxf6 12. Nd5 Nxd5 13. exd5 Bd7 14. O-O Rc8
15. Qd2 b6 16. Rfe1 Be7 17. Be2 Kf8 18. Ba6 Ra8 19. Qe2 f5 20. Bb5 Rc8 21. Bxd7
Qxd7 22. c3 Bg5 23. Nd2 Qb7 24. Nc4 Qc7 25. b3 Qc5 26. Rad1 e4 27. Qh5 b5 28.
axb5 a4 29. h4 axb3 30. hxg5 Qxc4 31. gxh6 f4 32. Qg4 Rxh6 33. Qxf4 Rg6 34.
Qxe4 Qxb5 35. Qb4 Qxb4 36. cxb4 Rc4 37. Rb1 Rxb4 38. Re3 1/2-1/2

[Event "POL-chT U26 rapid"]
[Site "Hucisko"]
[Date "2016.01.17"]
[Round "7.22"]
[White "Jaskolka, Tomasz"]
[Black "Matuszczyk, Przemyslaw"]
[Result "1-0"]
[WhiteElo "2033"]
[BlackElo "2066"]
[PlyCount "54"]
[EventDate "2016.01.16"]
[EventType "team-swiss (rapid)"]
[EventRounds "9"]
[EventCountry "POL"]
[SourceTitle "OM OTB B 201907"]
[Source "Opening Master"]
[SourceDate "2019.07.06"]
[SourceVersion "2"]
[SourceVersionDate "2019.07.06"]
[SourceQuality "1"]

1. e4 c5 2. Nf3 d6 3. d4 cxd4 4. Nxd4 Nf6 5. Nc3 Nc6 6. Be2 e5 7. Nb3 Be7 8.
O-O O-O 9. Be3 a5 10. Bf3 a4 11. Nd2 a3 12. b3 Nb4 13. Nc4 Be6 14. Be2 Qc7 15.
Qd2 d5 16. exd5 Nbxd5 17. Nb5 Qb8 18. Rad1 Rd8 19. Qc1 Ne4 20. Bf3 Nec3 21.
Nxc3 Nxc3 22. Rxd8+ Bxd8 23. Qa1 Bxc4 24. bxc4 Na4 25. Qd1 Qc7 26. Re1 Nc3 27.
Qd3 Na4 1-0

[Event "Oberliga Wuerttemberg 1516"]
[Site "Wuerttemberg"]
[Date "2016.01.17"]
[Round "5.2"]
[White "Heidenfeld, Mark"]
[Black "Zimmermann, Ulrich"]
[Result "0-1"]
[WhiteElo "2353"]
[BlackElo "2295"]
[PlyCount "67"]
[EventDate "2015.09.20"]
[EventType "team-tourn"]
[EventRounds "9"]
[EventCountry "GER"]
[SourceTitle "OM OTB B 201907"]
[Source "Opening Master"]
[SourceDate "2019.07.06"]
[SourceVersion "2"]
[SourceVersionDate "2019.07.06"]
[SourceQuality "1"]
[WhiteTeam "Jedesheim"]
[BlackTeam "Schwaebisch Gmuend"]
[WhiteTeamCountry "GER"]
[BlackTeamCountry "GER"]

1. e4 c5 2. Nf3 d6 3. d4 cxd4 4. Nxd4 Nf6 5. Nc3 Nc6 6. Be2 e5 7. Nf3 h6 8. h3
Be7 9. Be3 O-O 10. Nh2 Be6 11. Ng4 Nxe4 12. Nxe4 f5 13. Nc3 fxg4 14. Bxg4 Bf7
15. Bf3 Bg5 16. Bxg5 Qxg5 17. Ne4 Qg6 18. Qxd6 Nd4 19. O-O-O Rac8 20. Rd2 Qf5
21. Qa3 Bg6 22. Re1 Rc6 23. Qe3 Rfc8 24. Bd1 Qf7 25. Nc3 Rc5 26. f4 Nf5 27.
Rd8+ Kh7 28. Rxc8 Nxe3 29. Rxc5 Qxf4 30. g3 Qxg3 31. Re2 Bh5 32. Rd2 Nxd1 33.
Nxd1 Bxd1 34. h4 0-1

[Event "FICS rated standard game"]
[Site "FICS freechess.org"]
[Date "2016.01.14"]
[Round "?"]
[White "BexBex"]
[Black "Speyside"]
[Result "0-1"]
[WhiteElo "2005"]
[BlackElo "2126"]
[PlyCount "102"]
[EventDate "2016.??.??"]

1. e4 c5 2. Nf3 d6 3. d4 cxd4 4. Nxd4 Nf6 5. Nc3 Nc6 6. Be2 e5 7. Nf3 h6 8. O-O
Be7 9. Re1 O-O 10. h3 Re8 11. Bf1 Bf8 12. a3 Be6 13. Nd5 Nd7 14. c4 f5 15. exf5
Bxf5 16. b4 e4 17. Nd4 Nxd4 18. Qxd4 Ne5 19. Be2 g6 20. Ne3 Kh7 21. Nxf5 gxf5
22. Qd5 Qd7 23. Bf4 Bg7 24. Rad1 Rad8 25. Bh5 Re6 26. Kh2 Qc8 27. Re2 Rf8 28.
Kh1 Qxc4 29. Qxb7 Nd3 30. Bd2 Qb3 31. Rf1 Qxa3 32. Bf7 Rf6 33. Bd5 Rg6 34. f3
exf3 35. Bxf3 Ne5 36. Bh5 Rg3 37. Kh2 Rd3 38. Rc1 a6 39. Rc7 Rg8 40. Qb6 Qa1
41. Qf2 Rf8 42. Re3 Qd4 43. Qg3 Ng4+ 44. Bxg4 Rxd2 45. Ree7 Kh8 46. Rxg7 Rxg2+
47. Qxg2 Qe5+ 48. Qg3 Qb2+ 49. Kh1 Qb1+ 50. Kh2 Qb2+ 51. Qf2 Qxf2+ 0-1

[Event "FICS rated standard game"]
[Site "FICS freechess.org"]
[Date "2016.01.12"]
[Round "?"]
[White "Kamikazepawn"]
[Black "Triarius"]
[Result "1/2-1/2"]
[WhiteElo "1946"]
[BlackElo "2271"]
[PlyCount "66"]
[EventDate "2016.??.??"]

1. e4 c5 2. Nf3 Nc6 3. d4 cxd4 4. Nxd4 Nf6 5. Nc3 d6 6. Be2 e5 7. Nb3 Be7 8.
O-O O-O 9. Kh1 a5 10. Be3 a4 11. Nd2 d5 12. exd5 Nxd5 13. Nxd5 Qxd5 14. Bf3 Qe6
15. Ne4 Rd8 16. Qe1 Nd4 17. Bd1 h6 18. c3 f5 19. cxd4 fxe4 20. dxe5 Qxe5 21.
Qe2 Be6 22. Bc2 b5 23. Rfd1 Bc4 24. Qg4 Bd3 25. Bxd3 Rxd3 26. Bxh6 Rad8 27. Re1
Bf6 28. Be3 Qxb2 29. Rac1 Bc3 30. Qe6+ Kh8 31. Qh3+ Kg8 32. Qe6+ Kh8 33. Qh3+
Kg8 1/2-1/2

[Event "RSA-chT Regions"]
[Site "Cape Town"]
[Date "2016.01.10"]
[Round "6.2"]
[White "Jacobs, Kevin T"]
[Black "Van den Heever, Donovan"]
[Result "0-1"]
[WhiteElo "1738"]
[BlackElo "2258"]
[PlyCount "82"]
[EventDate "2016.01.08"]
[EventType "team-swiss"]
[EventRounds "7"]
[EventCountry "RSA"]
[SourceTitle "OM OTB B 201907"]
[Source "Opening Master"]
[SourceDate "2019.07.06"]
[SourceVersion "2"]
[SourceVersionDate "2019.07.06"]
[SourceQuality "1"]

1. e4 c5 2. Nf3 d6 3. d4 cxd4 4. Nxd4 Nf6 5. Nc3 Nc6 6. Be2 e5 7. Nf3 h6 8. O-O
Be7 9. Bc4 O-O 10. Re1 Bg4 11. h3 Be6 12. Bd5 Rc8 13. Be3 a6 14. Qd2 Bxd5 15.
exd5 Nb8 16. a4 Nh7 17. a5 f5 18. Nh2 Nd7 19. f4 Bh4 20. Rf1 e4 21. Rfc1 Bf6
22. Nf1 Rc4 23. Na4 Qe7 24. c3 g6 25. b3 Rcc8 26. Rab1 Rfe8 27. c4 Qf7 28. b4
g5 29. c5 gxf4 30. Bxf4 Ne5 31. Ne3 Qg6 32. Kh1 Nd3 33. Bxd6 f4 34. Ng4 e3 35.
Qe2 h5 36. Nxf6+ Nxf6 37. Rf1 Ne4 38. Kg1 Ng3 39. Qc2 Nxf1 40. Rxf1 e2 41. Re1
f3 0-1

[Event "Smederevska Palanka Shocha Memorial"]
[Site "Smederevska Palanka"]
[Date "2016.01.10"]
[Round "6"]
[White "Djukic, Slobodan D"]
[Black "Todorovic, Goran M"]
[Result "0-1"]
[WhiteElo "2151"]
[BlackElo "2465"]
[PlyCount "126"]
[EventDate "2016.01.01"]
[EventType "swiss"]
[EventRounds "9"]
[EventCountry "SRB"]
[SourceTitle "OM OTB B 201907"]
[Source "Opening Master"]
[SourceDate "2019.07.06"]
[SourceVersion "2"]
[SourceVersionDate "2019.07.06"]
[SourceQuality "1"]

1. e4 c5 2. Nf3 d6 3. d4 cxd4 4. Nxd4 Nf6 5. Nc3 Nc6 6. Be2 e5 7. Nb3 Be7 8.
O-O O-O 9. f4 a5 10. a4 Nb4 11. Kh1 Be6 12. Bf3 Rc8 13. Be3 b6 14. Rf2 Bc4 15.
Rd2 Qc7 16. Nc1 Rfd8 17. Nd3 Nd7 18. Nxb4 axb4 19. Nd5 Bxd5 20. exd5 exf4 21.
Bxf4 Bf6 22. Rb1 Ne5 23. Bxe5 Bxe5 24. Be4 g6 25. Bd3 Qe7 26. Qf3 Qh4 27. g3
Qg5 28. Rf2 f5 29. b3 Rf8 30. Rbf1 Kg7 31. Qe2 h5 32. Qd2 Qxd2 33. Rxd2 Rc3 34.
Kg2 Rfc8 35. Rff2 R8c5 36. Bb5 Rc7 37. Bc6 Kf6 38. Rf3 Rc5 39. h4 Re7 40. Rff2
g5 41. hxg5+ Kxg5 42. Rd3 Rf7 43. Be8 Re7 44. Bc6 Rc3 45. Rxc3 Bxc3 46. Bb5 Be5
47. Bd3 f4 48. gxf4+ Bxf4 49. Re2 Rg7 50. Kf3 h4 51. Rg2+ Bg3 52. Be4 Rf7+ 53.
Ke2 Kg4 54. Kd3 h3 55. Re2 h2 56. Bg2 Rf1 57. Re4+ Bf4 58. Ke2 Rc1 59. Rxb4
Rxc2+ 60. Kf1 Kg3 61. Be4 Rf2+ 62. Ke1 Bd2+ 63. Kd1 Bxb4 0-1

[Event "BL2-Sued 1516 (Women)"]
[Site "Germany"]
[Date "2016.01.10"]
[Round "5.6"]
[White "Flach, Helene"]
[Black "Moritz, Cornelia"]
[Result "1/2-1/2"]
[WhiteElo "1766"]
[BlackElo "1834"]
[PlyCount "91"]
[EventDate "2015.09.26"]
[EventType "team-tourn"]
[EventRounds "7"]
[EventCountry "GER"]
[SourceTitle "OM OTB B 201907"]
[Source "Opening Master"]
[SourceDate "2019.07.06"]
[SourceVersion "2"]
[SourceVersionDate "2019.07.06"]
[SourceQuality "1"]

1. e4 c5 2. Nf3 Nc6 3. d4 cxd4 4. Nxd4 d6 5. Nc3 Nf6 6. Be2 e5 7. Nb3 Be6 8.
O-O a5 9. a3 a4 10. Nd2 Nd4 11. Bc4 Qc7 12. Nb5 Qc5 13. Nxd4 Bxc4 14. Nxc4 Qxc4
15. Nf5 Qxe4 16. Nxd6+ Bxd6 17. Qxd6 Rd8 18. Qc5 Nd7 19. Qc3 O-O 20. Re1 Qd4
21. Qxd4 exd4 22. Bf4 Nc5 23. Bc7 Rd7 24. Bb6 Ne6 25. Rad1 Rd6 26. Ba5 Rc8 27.
Rd2 Rdc6 28. c3 dxc3 29. Bxc3 f6 30. Red1 R8c7 31. Ba5 b6 32. Bc3 Nc5 33. f3
Kf7 34. Kf2 h5 35. Rd5 Kg6 36. Kg3 Re6 37. R1d2 Rcc6 38. Kh4 Nb3 39. Rf2 Nc5
40. Rxh5 Nd3 41. Rd2 Rc4+ 42. g4 Nf4 43. Rb5 Rc8 44. Kg3 Ne2+ 45. Kg2 Nf4+ 46.
Kg3 1/2-1/2

[Event "Zicosur op 2nd"]
[Site "Antofagasta"]
[Date "2016.01.09"]
[Round "8"]
[White "Ubeira Montenegro, Enrique"]
[Black "Riquelme Abuffon, Nicolas"]
[Result "0-1"]
[WhiteElo "1676"]
[BlackElo "1847"]
[PlyCount "102"]
[EventDate "2016.01.05"]
[EventType "swiss"]
[EventRounds "9"]
[EventCountry "CHI"]
[SourceTitle "OM OTB B 201907"]
[Source "Opening Master"]
[SourceDate "2019.07.06"]
[SourceVersion "2"]
[SourceVersionDate "2019.07.06"]
[SourceQuality "1"]

1. e4 c5 2. Nf3 d6 3. d4 cxd4 4. Nxd4 Nf6 5. Nc3 Nc6 6. Be2 e5 7. Nb3 Be6 8.
Bg5 Be7 9. Bxf6 Bxf6 10. Nd5 Bg5 11. Qd3 a6 12. h3 O-O 13. h4 Be7 14. g4 Rc8
15. c3 b5 16. Rd1 Bxd5 17. exd5 Nb8 18. Nd2 Nd7 19. Ne4 Nc5 20. Nxc5 Rxc5 21.
Qe4 Qc8 22. g5 f5 23. gxf6 Rxf6 24. Bd3 g6 25. Rg1 Qf8 26. h5 Rf4 27. Qg2 Bh4
28. Rd2 g5 29. Rf1 Rc7 30. Kd1 Rcf7 31. f3 e4 32. Be2 exf3 33. Bxf3 Rxf3 34.
Rxf3 Rxf3 35. Qe2 Rf1+ 36. Kc2 Rf2 37. Qe6+ Kh8 38. Rxf2 Qxf2+ 39. Kb3 Qf8 40.
h6 Bg3 41. a4 Be5 42. axb5 axb5 43. Qd7 Qg8 44. Qc6 g4 45. Qxb5 g3 46. Qf1 g2
47. Qg1 Qxd5+ 48. c4 Qd3+ 49. Kb4 Qf1 50. Qa7 g1=Q 51. Qa8+ Qg8 0-1

[Event "RSA-chT Regions"]
[Site "Cape Town"]
[Date "2016.01.09"]
[Round "5.1"]
[White "Agulhas, Keegan"]
[Black "Van den Heever, Donovan"]
[Result "0-1"]
[WhiteElo "1760"]
[BlackElo "2258"]
[PlyCount "76"]
[EventDate "2016.01.08"]
[EventType "team-swiss"]
[EventRounds "7"]
[EventCountry "RSA"]
[SourceTitle "OM OTB B 201907"]
[Source "Opening Master"]
[SourceDate "2019.07.06"]
[SourceVersion "2"]
[SourceVersionDate "2019.07.06"]
[SourceQuality "1"]

1. e4 c5 2. Nf3 d6 3. d4 cxd4 4. Nxd4 Nf6 5. Nc3 Nc6 6. Be2 e5 7. Nb3 Be7 8.
O-O O-O 9. f4 a5 10. a4 Be6 11. Be3 Nb4 12. Bf3 exf4 13. Bxf4 Nxc2 14. Qxc2
Qb6+ 15. Kh1 Bxb3 16. Qd2 Rac8 17. Bd1 Rc4 18. Qd3 Rb4 19. Bxb3 Rxb3 20. Be3
Qb4 21. Bd4 Nd7 22. Rf5 Nc5 23. Qd1 Qc4 24. Rc1 Nd3 25. Rb1 Bd8 26. Nb5 Rxb5
27. axb5 Qxd4 28. Qe2 Bb6 29. h3 Nf2+ 30. Kh2 Qxe4 31. Qxe4 Nxe4 32. Re1 g6 33.
Rf4 d5 34. Rf3 f5 35. Rc1 Kf7 36. g4 Ke6 37. gxf5+ gxf5 38. Rcf1 Bc7+ 0-1

[Event "FICS rated blitz game"]
[Site "FICS freechess.org"]
[Date "2016.01.09"]
[Round "?"]
[White "Fik"]
[Black "DerzuUzala"]
[Result "1-0"]
[WhiteElo "2086"]
[BlackElo "2059"]
[PlyCount "121"]
[EventDate "2016.??.??"]
[EventType "blitz"]

1. e4 c5 2. Nf3 Nc6 3. Nc3 d6 4. d4 cxd4 5. Nxd4 Nf6 6. Be2 e5 7. Nb3 Be7 8.
Bg5 O-O 9. Qd2 a5 10. f3 a4 11. Nc1 a3 12. bxa3 Be6 13. Nb5 Qa5 14. Qxa5 Rxa5
15. Nb3 Ra7 16. Nxa7 Nxa7 17. O-O-O Nc6 18. Kb1 Ra8 19. Bxf6 gxf6 20. Kb2 Na5
21. Nxa5 Rxa5 22. c4 b5 23. cxb5 d5 24. exd5 Bxa3+ 25. Kb3 Bd7 26. Bc4 Kf8 27.
g4 Ke7 28. h4 Kd6 29. h5 Kc5 30. d6 Ra8 31. Bxf7 Bxb5 32. d7 Ba4+ 33. Kc3 Bxd1
34. Rxd1 Rd8 35. Rd5+ Kc6 36. Ra5 Bc5 37. Be8 Rb8 38. Ra6+ Kc7 39. Rxf6 Bd4+
40. Kc4 Ra8 41. Kd5 Ra5+ 42. Ke4 Rxa2 43. Rc6+ Kxc6 44. d8=Q+ Kc5 45. Qd5+ Kb4
46. Qxa2 Kc3 47. Bf7 Kb4 48. Bg8 Kc5 49. Bxh7 Kc6 50. Bf5 Kd6 51. Qd5+ Kc7 52.
h6 Kb6 53. h7 Bc5 54. h8=Q Be7 55. Qg7 Kc7 56. Qg6 Bd8 57. Qge6 Bf6 58. Qed7+
Kb6 59. Q5d6+ Ka5 60. Q7c6 Bd8 61. Qdc5# 1-0

[Event "Untergrombach op 33rd"]
[Site "Untergrombach"]
[Date "2016.01.05"]
[Round "5"]
[White "Neidlinger, Markus"]
[Black "Kaufeld, Juergen"]
[Result "1/2-1/2"]
[WhiteElo "2086"]
[BlackElo "2341"]
[PlyCount "85"]
[EventDate "2016.01.02"]
[EventType "swiss"]
[EventRounds "7"]
[EventCountry "GER"]
[SourceTitle "OM OTB B 201907"]
[Source "Opening Master"]
[SourceDate "2019.07.06"]
[SourceVersion "2"]
[SourceVersionDate "2019.07.06"]
[SourceQuality "1"]

1. e4 c5 2. Nf3 d6 3. d4 cxd4 4. Nxd4 Nf6 5. Nc3 Nc6 6. Be2 e5 7. Nb3 Be7 8.
O-O O-O 9. Be3 a5 10. f3 Be6 11. Nd5 Bxd5 12. exd5 Nb4 13. c4 b6 14. Nd2 Nh5
15. a3 Na6 16. Bd3 Bg5 17. Bf2 Nc5 18. Ne4 Be7 19. Bc2 Nf4 20. Kh1 Rc8 21. Nc3
f5 22. Qb1 g6 23. Re1 Bf6 24. Nb5 Qe7 25. b4 Nd7 26. Bb3 Bg7 27. Ra2 Kh8 28.
Be3 g5 29. Na7 Ra8 30. Nc6 Qf7 31. Bd1 Qh5 32. bxa5 bxa5 33. Qb7 Nd3 34. Rf1
N7c5 35. Qe7 Rf6 36. f4 g4 37. fxe5 Nxe5 38. Bxc5 Nxc6 39. dxc6 dxc5 40. c7 Qf7
41. Qxc5 Rc8 42. Qxa5 Qxc7 43. Qe1 1/2-1/2

[Event "Niedersachsen-ch"]
[Site "Verden"]
[Date "2016.01.05"]
[Round "5"]
[White "Renner, Kai"]
[Black "Laubsch, Bernd"]
[Result "0-1"]
[WhiteElo "2248"]
[BlackElo "2275"]
[PlyCount "72"]
[EventDate "2016.01.03"]
[EventType "swiss"]
[EventRounds "7"]
[EventCountry "GER"]
[SourceTitle "OM OTB B 201907"]
[Source "Opening Master"]
[SourceDate "2019.07.06"]
[SourceVersion "2"]
[SourceVersionDate "2019.07.06"]
[SourceQuality "1"]

1. e4 c5 2. Nf3 d6 3. d4 cxd4 4. Nxd4 Nf6 5. Nc3 Nc6 6. Be2 e5 7. Nb3 Be7 8.
O-O O-O 9. f4 a5 10. a4 Be6 11. Kh1 Ne8 12. f5 Bxb3 13. cxb3 Bg5 14. Bc4 Nd4
15. Qh5 h6 16. Bxg5 Qxg5 17. Qxg5 hxg5 18. Nd5 Nf6 19. Nxf6+ gxf6 20. Rfc1 Rac8
21. Rc3 Kg7 22. Rac1 Rc5 23. h3 Rh8 24. g4 Rb8 25. Kg2 b6 26. Kf2 Rh8 27. Rd1
Kf8 28. Rdd3 Ke7 29. Bd5 Nc2 30. Rxc5 bxc5 31. Bc4 Rb8 32. Rc3 Nd4 33. Kg3 Rb4
34. Kf2 Nc6 35. Rc1 Na7 36. Ke3 Nc8 0-1

[Event "FICS rated blitz game"]
[Site "FICS freechess.org"]
[Date "2016.01.02"]
[Round "?"]
[White "alonm"]
[Black "cisse"]
[Result "0-1"]
[WhiteElo "2045"]
[BlackElo "1965"]
[PlyCount "82"]
[EventDate "2016.??.??"]
[EventType "blitz"]

1. e4 c5 2. Nf3 d6 3. d4 cxd4 4. Nxd4 Nf6 5. Nc3 Nc6 6. Be2 e5 7. Ndb5 a6 8.
Na3 Be6 9. Nc4 b5 10. Ne3 Be7 11. Ned5 O-O 12. Be3 Rb8 13. O-O b4 14. Nxf6+
Bxf6 15. Nd5 Bg5 16. Bxa6 Bxe3 17. Nxe3 Nd4 18. Bc4 Bxc4 19. Nxc4 Qc7 20. b3
Rfd8 21. a4 d5 22. exd5 Rxd5 23. Re1 Rbd8 24. Qc1 f6 25. a5 Qf7 26. Ra4 Rb5 27.
h3 Qg6 28. Kh1 Qxc2 29. Qxc2 Nxc2 30. Rb1 Nd4 31. a6 Ra8 32. Kg1 Ne2+ 33. Kf1
Nc3 34. Rba1 Nxa4 35. Rxa4 Kf8 36. Ke2 Ke7 37. Kd3 Kd7 38. Ke4 Kc6 39. g4 g6
40. g5 f5+ 41. Kd3 Rd5+ 0-1

[Event "Nantes op 14th"]
[Site "Nantes"]
[Date "2015.12.30"]
[Round "6"]
[White "Picard, Remi"]
[Black "Le Pen, Steven"]
[Result "0-1"]
[WhiteElo "2086"]
[BlackElo "1967"]
[PlyCount "114"]
[EventDate "2015.12.27"]
[EventType "swiss"]
[EventRounds "7"]
[EventCountry "FRA"]
[SourceTitle "OM OTB B 201907"]
[Source "Opening Master"]
[SourceDate "2019.07.06"]
[SourceVersion "2"]
[SourceVersionDate "2019.07.06"]
[SourceQuality "1"]

1. e4 c5 2. Nf3 d6 3. d4 cxd4 4. Nxd4 Nf6 5. Nc3 Nc6 6. Be2 e5 7. Nf3 h6 8. O-O
Be7 9. Re1 O-O 10. h3 a6 11. Bf1 Qc7 12. Nd5 Nxd5 13. exd5 Nb8 14. c4 a5 15.
Be3 Na6 16. a3 Bd7 17. b3 f5 18. Rc1 b6 19. b4 axb4 20. axb4 Nxb4 21. Rb1 Ba4
22. Qd2 Nc2 23. Bxb6 Qd7 24. Rec1 e4 25. Ne5 dxe5 26. Rxc2 Bxc2 27. Qxc2 Kh8
28. Rd1 Rfc8 29. Qc3 Qd6 30. Qb2 Qf6 31. c5 Bxc5 32. Bxc5 Rxc5 33. d6 Rd8 34.
Qb6 Rc3 35. Bb5 Rb3 36. Qc6 e3 37. fxe3 Rxe3 38. d7 Qxc6 39. Bxc6 Rc3 40. Bb5
Rc5 41. Ba4 Kg8 42. Rd6 Kf7 43. Kf2 Ra5 44. Bc6 Ra7 45. Bb5 Ke7 46. Rg6 Kf7 47.
Rd6 Ra2+ 48. Kg3 Rb2 49. Bc6 Rb4 50. Bd5+ Ke7 51. Re6+ Kxd7 52. Rg6 Rf8 53.
Rxg7+ Kd6 54. Bf3 e4 55. Be2 f4+ 56. Kf2 Rb2 57. Kf1 Rc8 0-1

[Event "FICS rated standard game"]
[Site "FICS freechess.org"]
[Date "2015.12.30"]
[Round "?"]
[White "ArShah"]
[Black "zerowin"]
[Result "1-0"]
[WhiteElo "2871"]
[BlackElo "2632"]
[PlyCount "151"]
[EventDate "2015.??.??"]

1. e4 c5 2. Nf3 Nc6 3. d4 cxd4 4. Nxd4 Nf6 5. Nc3 d6 6. Be2 e5 7. Nf3 h6 8. O-O
Be7 9. h3 Be6 10. b3 Qa5 11. Qd2 O-O 12. Re1 Rfd8 13. Bb2 Qb6 14. Bd3 Qc7 15.
Nb5 Qd7 16. c4 Nh7 17. Nc3 Ng5 18. Qd1 Nb4 19. Bb1 Nc6 20. Nd5 Rac8 21. a4 Re8
22. Nxe7+ Nxe7 23. Ra2 Red8 24. Nxg5 hxg5 25. Ba3 g4 26. hxg4 Bxg4 27. Qd3 Nc6
28. Qg3 Qe6 29. f3 Bh5 30. Kf2 Bg6 31. Rd2 Nd4 32. Qh4 f6 33. Rd3 Nc6 34. Red1
Nd4 35. Bb2 Nc6 36. Rd5 b6 37. Ba3 Rd7 38. Bxd6 Nd4 39. Ba3 Qe8 40. Rxd7 Qxd7
41. f4 exf4 42. Qxf4 Ne6 43. Rxd7 Nxf4 44. Bd6 Ne6 45. Rxa7 Rd8 46. Ke3 Rxd6
47. e5 fxe5 48. Bxg6 Kf8 49. b4 Nf4 50. Be4 Rd1 51. a5 Re1+ 52. Kf3 bxa5 53.
Rxa5 Rf1+ 54. Kg4 Rc1 55. Rxe5 Rxc4 56. Kxf4 Rxb4 57. Kf5 Kf7 58. g4 Rb6 59.
Ra5 Rf6+ 60. Ke5 Re6+ 61. Kf4 Rd6 62. Ra7+ Kf8 63. g5 g6 64. Rc7 Kg8 65. Ke5
Ra6 66. Bd5+ Kh8 67. Bc6 Rb6 68. Kf6 Rb8 69. Bd7 Rg8 70. Rc4 Rf8+ 71. Kxg6 Rg8+
72. Kh6 Rxg5 73. Kxg5 Kg7 74. Be6 Kh8 75. Kf6 Kh7 76. Rh4# 1-0

[Event "Zuerich op 39th"]
[Site "Zuerich"]
[Date "2015.12.28"]
[Round "4"]
[White "Bogner, Sebastian"]
[Black "Fuchs, Judith"]
[Result "1-0"]
[WhiteElo "2546"]
[BlackElo "2324"]
[PlyCount "69"]
[EventDate "2015.12.26"]
[EventType "swiss"]
[EventRounds "7"]
[EventCountry "SUI"]
[SourceTitle "OM OTB B 201907"]
[Source "Opening Master"]
[SourceDate "2019.07.06"]
[SourceVersion "2"]
[SourceVersionDate "2019.07.06"]
[SourceQuality "1"]

1. e4 c5 2. Nf3 d6 3. d4 cxd4 4. Nxd4 Nf6 5. Nc3 Nc6 6. Be2 e5 7. Nb3 Be7 8. f4
O-O 9. O-O a6 10. Be3 b5 11. a4 b4 12. Nd5 Nxd5 13. exd5 exf4 14. Rxf4 Ne5 15.
Rxb4 Bg5 16. Bb6 Qf6 17. a5 Qh6 18. Qe1 f5 19. h4 Bf6 20. Qd2 Qg6 21. Rf1 Ng4
22. g3 Re8 23. Bxg4 fxg4 24. Bd4 Bd8 25. Bc3 Ra7 26. Rbf4 h6 27. Nd4 Rc7 28.
Nc6 Bb7 29. R1f2 Kh7 30. Qd1 h5 31. Rf5 Bxc6 32. dxc6 Rxc6 33. Qd3 Rc5 34. Rxc5
dxc5 35. Rf5 1-0

[Event "Groningen Compact-A"]
[Site "Groningen"]
[Date "2015.12.28"]
[Round "3"]
[White "Hummel, Dick"]
[Black "De Roda Husman, Juan"]
[Result "0-1"]
[WhiteElo "1925"]
[BlackElo "2209"]
[PlyCount "107"]
[EventDate "2015.12.26"]
[EventType "swiss"]
[EventRounds "5"]
[EventCountry "NED"]
[SourceTitle "OM OTB B 201907"]
[Source "Opening Master"]
[SourceDate "2019.07.06"]
[SourceVersion "2"]
[SourceVersionDate "2019.07.06"]
[SourceQuality "1"]

1. e4 c5 2. Nf3 d6 3. d4 cxd4 4. Nxd4 Nf6 5. Nc3 Nc6 6. Be2 e5 7. Nb3 Be7 8.
O-O O-O 9. Be3 a5 10. Nd2 Rb8 11. a4 Nd4 12. Bxd4 exd4 13. Nb5 d5 14. e5 Nd7
15. Nf3 Nc5 16. Nfxd4 Qb6 17. Bf3 Be6 18. Bxd5 Bxd5 19. Nf5 Be4 20. Nxe7+ Kh8
21. Nd6 Qxb2 22. Nxe4 Nxe4 23. Qd5 Nc3 24. Qxa5 b6 25. Qa6 Qxc2 26. Rfe1 Qb2
27. Qc4 b5 28. axb5 Rxb5 29. Nc6 h6 30. Rac1 Nd5 31. Nd4 Rb4 32. Qc5 Rd8 33.
Nc6 Rb5 34. Qa7 Rf8 35. Ne7 Rb7 36. Ng6+ fxg6 37. Qc5 Ne7 38. Rc2 Qb6 39. Qd6
Rd8 40. Qxb6 Rxb6 41. Rc7 Nf5 42. h3 g5 43. Rf7 Nd4 44. Ra1 Re8 45. Raa7 Ne6
46. g3 Rb4 47. Rfe7 Rxe7 48. Rxe7 Rb6 49. Rd7 Kg8 50. Rd5 Kf8 51. Kg2 Ke7 52.
Kf3 Rb3+ 53. Kg2 Rc3 54. Ra5 0-1